Địa lí thủy văn
vv
Đã lưu trong:
| Tác giả chính: | |
|---|---|
| Định dạng: | Sách |
| Năm xuất bản: |
H.
Đại học Quốc gia
2001
|
| Chủ đề: | |
| Tags: |
Thêm thẻ
Không có thẻ, Hãy là người đầu tiên gắn thẻ bản ghi này!
|
| LEADER | 01573nam a2200217 4500 | ||
|---|---|---|---|
| 082 | |a 551.48 |b NG527H | ||
| 100 | |a Nguyễn Hữu Khải | ||
| 245 | |a Địa lí thủy văn |c Nguyễn Hữu Khải, Nguyễn Văn Tuần | ||
| 260 | |a H. |b Đại học Quốc gia |c 2001 | ||
| 300 | |a 195tr. |c 27cm | ||
| 520 | |a vv | ||
| 653 | |a Thủy văn | ||
| 653 | |a Địa lí thủy văn | ||
| 942 | |2 ddc |c STK0 | ||
| 999 | |c 1403 |d 1403 | ||
| 952 | |0 0 |1 0 |2 ddc |4 0 |6 551_480000000000000_NG527H |7 1 |8 500 |9 25473 |a qbu |b qbu |c D3 |d 2014-12-08 |g 21000 |o 551.48 NG527H |p 4503.C1 |r 0000-00-00 |w 2014-12-08 |y STK0 |0 0 |6 551_480000000000000_NG527H | ||
| 952 | |0 0 |1 0 |2 ddc |4 0 |6 551_480000000000000_NG527H |7 0 |8 500 |9 25474 |a qbu |b qbu |c D3 |d 2014-12-08 |g 21000 |o 551.48 NG527H |p 4503.C2 |r 0000-00-00 |w 2014-12-08 |y STK0 |0 0 |6 551_480000000000000_NG527H | ||
| 952 | |0 0 |1 0 |2 ddc |4 0 |6 551_480000000000000_NG527H |7 0 |8 500 |9 25475 |a qbu |b qbu |c D3 |d 2014-12-08 |g 21000 |o 551.48 NG527H |p 4503.C3 |r 0000-00-00 |w 2014-12-08 |y STK0 |0 0 |6 551_480000000000000_NG527H | ||
| 952 | |0 0 |1 0 |2 ddc |4 0 |6 551_480000000000000_NG527H |7 0 |8 500 |9 25476 |a qbu |b qbu |c D3 |d 2014-12-08 |g 21000 |l 3 |m 1 |o 551.48 NG527H |p 4503.C4 |r 2017-09-20 |s 2017-09-18 |w 2014-12-08 |y STK0 |0 0 |6 551_480000000000000_NG527H | ||
| 952 | |0 0 |1 0 |2 ddc |4 0 |6 551_480000000000000_NG527H |7 0 |8 500 |9 25477 |a qbu |b qbu |c D3 |d 2014-12-08 |g 21000 |l 1 |m 1 |o 551.48 NG527H |p 4503.C5 |r 2017-09-22 |s 2017-08-25 |w 2014-12-08 |y STK0 |0 0 |6 551_480000000000000_NG527H | ||
| 952 | |0 0 |1 0 |2 ddc |4 0 |6 551_480000000000000_NG527H |7 0 |8 500 |9 25478 |a qbu |b qbu |c D3 |d 2014-12-08 |g 21000 |o 551.48 NG527H |p 4503.C6 |r 0000-00-00 |w 2014-12-08 |y STK0 |0 0 |6 551_480000000000000_NG527H | ||